[Event "Berliner Einzelmeisterschaft 2002"]
[Site "Berlin"]
[Date "2022.04.17"]
[Round "3.6"]
[White "Brustkern, Juergen"]
[Black "Piz, Maxim"]
[Result "0-1"]
[WhiteElo "2218"]
[BlackElo "2143"]
[Annotator "TheRocket"]
[PlyCount "84"]
[EventDate "2022.??.??"]
[EventCountry "GER"]
[SourceTitle "SV Mattnetz Berlin e.V."]
[SourceDate "2022.04.23"]
[SourceVersion "1"]
[SourceVersionDate "2022.04.23"]
[SourceQuality "1"]

{[%evp 0,52,28,-17,15,13,5,9,16,10,10,5,5,-19,-5,-52,-24,-54,-23,-81,-81,-108,
-93,-93,-69,-98,-89,-77,-64,-36,-35,-64,-47,-74,-10,32,156,88,64,74,78,68,72,
134,168,163,179,158,170,147,234,245,308,275,254]} 1. f4 {[%emt 0:00:02]} f5 {
[%emt 0:02:43]} 2. Nf3 {[%emt 0:05:01]} Nf6 {[%emt 0:00:16]} 3. b3 {[%emt 0:00:
17]} g6 {[%emt 0:00:21]} 4. Bb2 {[%emt 0:00:17]} Bg7 {[%emt 0:00:07]} 5. e3 {
[%emt 0:02:54]} O-O {[%emt 0:00:12]} 6. Qe2 {[%emt 0:06:31]} b6 {[%emt 0:01:02]
} 7. d3 {[%emt 0:00:33]} a5 {[%emt 0:00:20]} 8. a4 {[%emt 0:02:24]} Bb7 {
[%emt 0:02:43]} 9. Nbd2 {[%emt 0:00:38]} Na6 {[%emt 0:00:40]} 10. Rg1 {[%emt 0:
09:19]} Nb4 {[%emt 0:01:14]} 11. Nc4 {[%emt 0:03:02]} e6 {[%emt 0:00:34]} 12.
O-O-O {[%emt 0:08:13]} Nfd5 {[%emt 0:00:54]} 13. d4 {[%emt 0:03:09]} Nf6 {
[%emt 0:06:02]} 14. c3 {[%emt 0:05:01]} Nbd5 {[%emt 0:00:43]} 15. Nfd2 {
[%emt 0:05:06]} d6 {[%emt 0:02:21]} 16. g3 {[%emt 0:01:49]} c6 {[%emt 0:00:27]}
17. e4 {[%emt 0:01:12]} Nc7 {[%emt 0:09:53]} 18. Nxb6 {[%emt 0:08:47]} Ra6 {
[%emt 0:02:37]} 19. Nbc4 {[%emt 0:01:42]} fxe4 {[%emt 0:00:33]} 20. Ba3 {
[%emt 0:05:58]} c5 {[%emt 0:01:37]} 21. dxc5 {[%emt 0:01:15]} d5 {[%emt 0:00:
16]} 22. Ne5 {[%emt 0:01:57]} Nd7 {[%emt 0:01:14]} 23. Nxd7 {[%emt 0:04:24]}
Qxd7 {[%emt 0:00:23]} 24. Nxe4 {[%emt 0:00:15]} Qc6 {[%emt 0:02:41]} 25. Nd6 {
[%emt 0:02:43]} Bxc3 {[%emt 0:00:28]} 26. Qc2 {[%emt 0:01:27]} d4 {[%emt 0:00:
58]} 27. Bb5 {[%emt 0:02:46]} Qd5 {[%emt 0:01:26]} 28. Nxb7 {[%emt 0:01:06]}
Qxb7 {[%emt 0:00:02]} 29. c6 {[%emt 0:01:02]} Rxc6 {[%emt 0:00:01]} 30. Bxc6 {
[%emt 0:00:26]} Qxc6 {[%emt 0:00:02]} 31. Bxf8 {[%emt 0:00:23]} Kxf8 {[%emt 0:
00:01]} 32. Qd3 {[%emt 0:09:38]} Qc5 {[%emt 0:01:07]} 33. Qc4 {[%emt 0:03:20]}
Qa3+ {[%emt 0:03:18]} 34. Kc2 {[%emt 0:00:16]} Nd5 {[%emt 0:01:23]} 35. Kd3 {
[%emt 0:03:59]} Qb2 {[%emt 0:09:30]} 36. Ke4 {[%emt 0:00:14]} Qc2+ {[%emt 0:01:
02]} 37. Ke5 {[%emt 0:01:11]} Qf5+ {[%emt 0:00:15]} 38. Kd6 {[%emt 0:00:11]}
Bb4+ {[%emt 0:03:18]} 39. Kc6 {[%emt 0:00:08]} Qf7 {[%emt 0:01:53]} 40. Qxd4 {
[%emt 0:01:25]} Qc7+ {[%emt 0:00:42]} 41. Kb5 {[%emt 0:00:17]} Qb7+ {[%emt 0:
00:11]} 42. Kc4 {[%emt 0:00:12]} Qa6# {[%emt 0:00:01]} 0-1

[Event "Berliner Einzelmeisterschaft 2002"]
[Site "Berlin"]
[Date "2022.04.17"]
[Round "3.7"]
[White "Gebigke, Martin"]
[Black "Ermitsch, Magnus"]
[Result "0-1"]
[WhiteElo "2081"]
[BlackElo "2150"]
[Annotator "TheRocket"]
[PlyCount "48"]
[EventDate "2022.??.??"]
[EventCountry "GER"]
[SourceTitle "SV Mattnetz Berlin e.V."]
[SourceDate "2022.04.23"]
[SourceVersion "1"]
[SourceVersionDate "2022.04.23"]
[SourceQuality "1"]

{[%evp 0,48,28,17,14,-21,-3,-4,-11,-11,62,44,84,76,58,72,43,54,71,82,57,55,55,
41,39,52,59,38,23,26,39,38,64,17,15,12,61,62,64,53,55,39,26,11,94,91,101,-176,
-163,-176,-189]} 1. d4 {[%emt 0:00:02]} Nf6 {[%emt 0:00:15]} 2. c4 {[%emt 0:00:
09]} e6 {[%emt 0:00:45]} 3. Nf3 {[%emt 0:00:56]} d5 {[%emt 0:01:04]} 4. Nc3 {
[%emt 0:00:17]} c5 {[%emt 0:00:49]} 5. cxd5 {[%emt 0:00:36]} Nxd5 {[%emt 0:00:
34]} 6. e4 {[%emt 0:00:55]} Nxc3 {[%emt 0:00:33]} 7. bxc3 {[%emt 0:00:04]} cxd4
{[%emt 0:00:34]} 8. cxd4 {[%emt 0:00:03]} Bb4+ {[%emt 0:00:21]} 9. Bd2 {
[%emt 0:00:03]} Bxd2+ {[%emt 0:00:27]} 10. Qxd2 {[%emt 0:00:03]} O-O {[%emt 0:
00:15]} 11. Bc4 {[%emt 0:02:01]} Nd7 {[%emt 0:00:50]} 12. O-O {[%emt 0:00:41]}
b6 {[%emt 0:04:28]} 13. Rad1 {[%emt 0:02:00]} Bb7 {[%emt 0:03:18]} 14. Rfe1 {
[%emt 0:00:26]} Re8 {[%emt 0:11:41]} 15. Qf4 {[%emt 0:21:47]} Qe7 {[%emt 0:11:
57]} 16. h3 {[%emt 0:07:19]} Rac8 {[%emt 0:02:16]} 17. Bb3 {[%emt 0:01:11]} b5
{[%emt 0:04:02]} 18. d5 {[%emt 0:05:50]} e5 {[%emt 0:07:36]} 19. Qd2 {[%emt 0:
10:52]} Qd6 {[%emt 0:02:06]} 20. Nh4 {[%emt 0:06:37]} g6 {[%emt 0:01:49]} 21.
Qh6 {[%emt 0:03:48]} a5 {[%emt 0:05:47]} 22. Nf5 {[%emt 0:04:46]} Qf6 {[%emt 0:
01:16]} 23. Ne3 {[%emt 0:02:15]} a4 {[%emt 0:01:39]} 24. Bc2 {[%emt 0:00:08]}
Qf4 {[%emt 0:00:42]} 0-1

[Event "Berliner Einzelmeisterschaft 2002"]
[Site "Berlin"]
[Date "2022.04.17"]
[Round "3.8"]
[White "Acikel, Mert"]
[Black "Noetzel, Felix"]
[Result "1-0"]
[WhiteElo "2149"]
[BlackElo "2207"]
[Annotator "TheRocket"]
[PlyCount "85"]
[EventDate "2022.??.??"]
[EventCountry "GER"]
[SourceTitle "SV Mattnetz Berlin e.V."]
[SourceDate "2022.04.23"]
[SourceVersion "1"]
[SourceVersionDate "2022.04.23"]
[SourceQuality "1"]

{[%evp 0,62,28,28,69,46,52,36,74,38,38,49,104,72,42,43,65,42,49,28,51,17,33,18,
7,16,55,17,-2,-4,43,9,45,39,68,48,106,69,97,93,88,111,102,98,104,108,105,105,
102,132,117,112,147,151,158,157,157,150,171,186,180,192,166,172,166]} 1. e4 {
[%emt 0:01:45]} c5 {[%emt 0:00:05]} 2. Nf3 {[%emt 0:00:13]} Nc6 {[%emt 0:00:05]
} 3. Bb5 {[%emt 0:00:12]} g6 {[%emt 0:00:08]} 4. O-O {[%emt 0:00:12]} Bg7 {
[%emt 0:00:11]} 5. Nc3 {[%emt 0:00:13]} e5 {[%emt 0:02:45]} 6. a3 {[%emt 0:00:
23]} Nge7 {[%emt 0:02:16]} 7. b4 {[%emt 0:00:28]} d6 {[%emt 0:04:57]} 8. bxc5 {
[%emt 0:00:28]} dxc5 {[%emt 0:00:11]} 9. Bc4 {[%emt 0:00:21]} O-O {[%emt 0:01:
52]} 10. d3 {[%emt 0:00:18]} h6 {[%emt 0:08:10]} 11. Re1 {[%emt 0:10:44]} Nd4 {
[%emt 0:15:56]} 12. h3 {[%emt 0:06:42]} Kh7 {[%emt 0:02:58]} 13. Nxd4 {[%emt 0:
18:20]} cxd4 {[%emt 0:01:02]} 14. Ne2 {[%emt 0:01:01]} Bd7 {[%emt 0:09:16]} 15.
a4 {[%emt 0:06:44]} Qe8 {[%emt 0:27:53]} 16. Ba3 {[%emt 0:04:47]} Rg8 {[%emt 0:
03:24]} 17. Qb1 {[%emt 0:02:09]} b6 {[%emt 0:05:09]} 18. Qa2 {[%emt 0:01:02]}
Be6 {[%emt 0:03:23]} 19. Bxe6 {[%emt 0:00:13]} fxe6 {[%emt 0:00:01]} 20. Qxe6 {
[%emt 0:00:12]} Nc6 {[%emt 0:00:06]} 21. Qxe8 {[%emt 0:10:11]} Rgxe8 22. f4 {
[%emt 0:07:57]} Rac8 {[%emt 0:02:19]} 23. Rf1 {[%emt 0:03:00]} exf4 {[%emt 0:
05:45]} 24. Nxf4 {[%emt 0:05:00]} Ne5 {[%emt 0:02:14]} 25. Rac1 {[%emt 0:04:22]
} Rc6 {[%emt 0:00:44]} 26. Nd5 {[%emt 0:00:26]} Rd8 {[%emt 0:01:47]} 27. Bb2 {
[%emt 0:02:32]} Rd7 {[%emt 0:00:15]} 28. Rf2 {[%emt 0:06:05]} Nf7 {[%emt 0:00:
55]} 29. Rcf1 {[%emt 0:00:47]} Ng5 {[%emt 0:00:05]} 30. Ba3 {[%emt 0:02:30]} h5
{[%emt 0:00:44]} 31. Be7 {[%emt 0:02:41]} Ne6 {[%emt 0:00:22]} 32. Rf7 {
[%emt 0:00:19]} Kg8 {[%emt 0:00:52]} 33. R7f2 {[%emt 0:01:34]} Nc7 {[%emt 0:00:
23]} 34. Nb4 {[%emt 0:01:27]} Re6 {[%emt 0:00:21]} 35. Bf8 {[%emt 0:01:50]} a5
{[%emt 0:00:14]} 36. Na2 {[%emt 0:00:11]} Rc6 {[%emt 0:00:19]} 37. Nc1 {
[%emt 0:00:48]} Na6 {[%emt 0:01:04]} 38. Nb3 {[%emt 0:00:38]} Bxf8 {[%emt 0:00:
12]} 39. Rxf8+ {[%emt 0:00:15]} Kg7 {[%emt 0:00:03]} 40. h4 {[%emt 0:00:21]}
Rxc2 {[%emt 0:01:00]} 41. Nxd4 {[%emt 0:00:14]} Ra2 {[%emt 0:08:11]} 42. Ne6+ {
[%emt 0:04:50]} Kh7 {[%emt 0:00:43]} 43. Ra8 {[%emt 0:02:49]} 1-0

[Event "Berliner Einzelmeisterschaft 2002"]
[Site "Berlin"]
[Date "2022.04.18"]
[Round "4.1"]
[White "Stern, Rene"]
[Black "Mirzoev, Emil"]
[Result "1/2-1/2"]
[WhiteElo "2509"]
[BlackElo "2467"]
[Annotator "TheRocket"]
[PlyCount "59"]
[EventDate "2022.??.??"]
[EventCountry "GER"]
[SourceTitle "SV Mattnetz Berlin e.V."]
[SourceDate "2022.04.23"]
[SourceVersion "1"]
[SourceVersionDate "2022.04.23"]
[SourceQuality "1"]

{[%evp 0,59,25,19,31,-10,-9,4,-5,-5,14,25,28,12,11,14,6,-11,-1,-18,8,-16,24,
-17,19,17,19,-4,-2,-2,9,-9,0,10,1,12,32,23,33,33,40,54,47,47,49,47,47,43,47,48,
59,55,39,50,54,57,66,51,45,2,35,40]} 1. Nf3 {[%emt 0:00:43]} Nf6 {[%emt 0:15:
55]} 2. c4 {[%emt 0:00:11]} e6 {[%emt 0:00:19]} 3. Nc3 {[%emt 0:00:13]} d5 {
[%emt 0:00:28]} 4. d4 {[%emt 0:00:10]} a6 {[%emt 0:00:37]} 5. c5 {[%emt 0:04:
20]} b6 {[%emt 0:00:15]} 6. cxb6 {[%emt 0:00:10]} cxb6 {[%emt 0:01:21]} 7. Bf4
{[%emt 0:00:10]} Bd6 {[%emt 0:00:05]} 8. e3 {[%emt 0:00:08]} O-O {[%emt 0:01:
14]} 9. Bd3 {[%emt 0:03:22]} Bb7 {[%emt 0:02:00]} 10. O-O {[%emt 0:02:20]} Nc6
{[%emt 0:02:38]} 11. Bg5 {[%emt 0:17:02]} Be7 {[%emt 0:03:42]} 12. Rc1 {
[%emt 0:01:14]} Rc8 {[%emt 0:02:33]} 13. Qe2 {[%emt 0:06:49]} Nb4 {[%emt 0:06:
37]} 14. Bb1 {[%emt 0:01:37]} Nc6 {[%emt 0:05:06]} 15. Rfd1 {[%emt 0:08:58]} b5
{[%emt 0:10:16]} 16. h3 {[%emt 0:23:46]} Re8 {[%emt 0:06:37]} 17. Bf4 {[%emt 0:
03:12]} Nd7 {[%emt 0:04:39]} 18. a4 {[%emt 0:02:26]} bxa4 {[%emt 0:06:18]} 19.
Nxa4 {[%emt 0:01:46]} Nb4 {[%emt 0:00:31]} 20. Ne5 {[%emt 0:05:26]} Nxe5 {
[%emt 0:02:13]} 21. Bxe5 {[%emt 0:00:04]} Nc6 {[%emt 0:07:30]} 22. Bf4 {
[%emt 0:01:05]} Nb4 {[%emt 0:04:39]} 23. Be5 {[%emt 0:09:05]} Nc6 {[%emt 0:00:
12]} 24. Bg3 {[%emt 0:00:59]} Nb4 {[%emt 0:00:45]} 25. Rxc8 {[%emt 0:04:35]}
Qxc8 {[%emt 0:01:05]} 26. Nc5 {[%emt 0:00:12]} Bc6 {[%emt 0:03:03]} 27. Rc1 {
[%emt 0:00:23]} a5 {[%emt 0:01:00]} 28. Nd3 {[%emt 0:00:55]} Qa6 {[%emt 0:01:
12]} 29. Qd2 {[%emt 0:00:10]} Rc8 {[%emt 0:02:37]} 30. Nxb4 {[%emt 0:01:27]}
1/2-1/2

[Event "Berliner Einzelmeisterschaft 2002"]
[Site "Berlin"]
[Date "2022.04.18"]
[Round "4.2"]
[White "Florstedt, Johannes"]
[Black "Nogly, Christoph"]
[Result "1-0"]
[WhiteElo "2316"]
[BlackElo "2228"]
[Annotator "TheRocket"]
[PlyCount "81"]
[EventDate "2022.??.??"]
[EventCountry "GER"]
[SourceTitle "SV Mattnetz Berlin e.V."]
[SourceDate "2022.04.23"]
[SourceVersion "1"]
[SourceVersionDate "2022.04.23"]
[SourceQuality "1"]

{[%evp 0,59,28,28,17,38,5,15,5,-8,48,-1,6,6,28,26,40,16,23,10,6,1,-1,4,-4,-11,
36,19,54,21,30,16,41,40,37,50,46,51,53,58,58,38,57,33,74,64,67,40,71,57,83,93,
123,137,148,150,134,134,134,125,135,100]} 1. e4 {[%emt 0:00:18]} e5 {[%emt 0:
00:04]} 2. Nf3 {[%emt 0:00:07]} Nc6 {[%emt 0:00:04]} 3. d4 {[%emt 0:00:08]}
exd4 {[%emt 0:00:06]} 4. Nxd4 {[%emt 0:00:04]} Qf6 {[%emt 0:00:08]} 5. Nxc6 {
[%emt 0:00:44]} Bc5 {[%emt 0:00:07]} 6. Qf3 {[%emt 0:00:22]} bxc6 {[%emt 0:00:
06]} 7. Nd2 {[%emt 0:00:23]} d6 {[%emt 0:00:25]} 8. Nb3 {[%emt 0:00:50]} Bb6 {
[%emt 0:00:06]} 9. a4 {[%emt 0:00:04]} a5 {[%emt 0:00:03]} 10. Bd2 {[%emt 0:00:
08]} Qxf3 {[%emt 0:00:42]} 11. gxf3 {[%emt 0:00:06]} Ne7 {[%emt 0:00:16]} 12.
Rg1 {[%emt 0:00:48]} g6 {[%emt 0:02:23]} 13. Be3 {[%emt 0:00:10]} f5 {[%emt 0:
19:10]} 14. Bxb6 {[%emt 0:07:27]} cxb6 {[%emt 0:00:02]} 15. O-O-O {[%emt 0:00:
27]} Kd7 {[%emt 0:10:35]} 16. e5 {[%emt 0:22:52]} d5 {[%emt 0:03:57]} 17. Nd4 {
[%emt 0:13:32]} Ba6 {[%emt 0:13:48]} 18. Bxa6 {[%emt 0:01:34]} Rxa6 {[%emt 0:
00:02]} 19. f4 {[%emt 0:04:13]} Raa8 {[%emt 0:03:51]} 20. Rd3 {[%emt 0:01:08]}
Rac8 {[%emt 0:13:11]} 21. c3 {[%emt 0:03:07]} c5 {[%emt 0:11:00]} 22. Nb5 {
[%emt 0:00:48]} Ke6 {[%emt 0:00:54]} 23. Kd2 {[%emt 0:03:42]} Rc6 {[%emt 0:02:
43]} 24. Rh3 {[%emt 0:02:27]} h5 {[%emt 0:05:31]} 25. Rhg3 {[%emt 0:05:15]} Rd8
{[%emt 0:00:54]} 26. Rxg6+ {[%emt 0:08:58]} Nxg6 {[%emt 0:00:07]} 27. Rxg6+ {
[%emt 0:00:04]} Kd7 {[%emt 0:00:15]} 28. Rg7+ {[%emt 0:00:07]} Ke8 {[%emt 0:00:
51]} 29. Rg5 {[%emt 0:05:33]} d4 {[%emt 0:03:35]} 30. Rxf5 {[%emt 0:01:26]}
dxc3+ {[%emt 0:00:27]} 31. Kxc3 {[%emt 0:00:05]} Rd1 {[%emt 0:03:05]} 32. Rxh5
{[%emt 0:05:30]} Rf1 {[%emt 0:00:18]} 33. f5 {[%emt 0:00:09]} Rxf2 {[%emt 0:00:
24]} 34. Kc4 {[%emt 0:01:44]} Rd2 {[%emt 0:02:09]} 35. Na7 {[%emt 0:07:50]} Rc7
{[%emt 0:01:34]} 36. Rh8+ {[%emt 0:00:06]} Ke7 {[%emt 0:01:31]} 37. Rh7+ {
[%emt 0:00:26]} Kd8 {[%emt 0:00:01]} 38. Rh8+ {[%emt 0:00:10]} Ke7 {[%emt 0:00:
05]} 39. Nc8+ {[%emt 0:01:02]} Rxc8 {[%emt 0:02:52]} 40. Rxc8 {[%emt 0:00:06]}
Rxb2 {[%emt 0:00:07]} 41. f6+ {[%emt 0:01:48]} 1-0

[Event "Berliner Einzelmeisterschaft 2002"]
[Site "Berlin"]
[Date "2022.04.18"]
[Round "4.3"]
[White "Ermitsch, Magnus"]
[Black "Lagunow, Raphael"]
[Result "0-1"]
[WhiteElo "2150"]
[BlackElo "2389"]
[Annotator "TheRocket"]
[PlyCount "112"]
[EventDate "2022.??.??"]
[EventCountry "GER"]
[SourceTitle "SV Mattnetz Berlin e.V."]
[SourceDate "2022.04.23"]
[SourceVersion "1"]
[SourceVersionDate "2022.04.23"]
[SourceQuality "1"]

{[%evp 0,49,31,38,15,17,36,20,18,-12,14,14,77,56,34,47,58,50,32,24,17,39,40,40,
37,34,38,20,63,43,43,42,32,52,48,36,39,45,45,19,20,35,0,19,15,1,-8,-13,6,-8,-5,
-8]} 1. e4 {[%emt 0:00:11]} e5 {[%emt 0:12:06]} 2. Nf3 {[%emt 0:00:58]} Nc6 {
[%emt 0:00:06]} 3. Bb5 {[%emt 0:00:59]} a6 {[%emt 0:00:07]} 4. Ba4 {[%emt 0:00:
16]} b5 {[%emt 0:00:07]} 5. Bb3 {[%emt 0:00:09]} Na5 {[%emt 0:00:06]} 6. O-O {
[%emt 0:02:59]} d6 {[%emt 0:00:10]} 7. d4 {[%emt 0:00:41]} exd4 {[%emt 0:00:06]
} 8. Nxd4 {[%emt 0:01:27]} Bb7 {[%emt 0:00:25]} 9. Bd2 {[%emt 0:01:51]} Nxb3 {
[%emt 0:00:19]} 10. Nxb3 {[%emt 0:00:37]} Nf6 {[%emt 0:00:38]} 11. Na5 {
[%emt 0:02:22]} Qc8 {[%emt 0:00:21]} 12. Re1 {[%emt 0:08:11]} Be7 {[%emt 0:00:
14]} 13. Nxb7 {[%emt 0:03:28]} Qxb7 {[%emt 0:00:11]} 14. e5 {[%emt 0:00:36]}
dxe5 {[%emt 0:01:46]} 15. Rxe5 {[%emt 0:00:32]} c5 {[%emt 0:03:00]} 16. Qe2 {
[%emt 0:06:18]} Ra7 {[%emt 0:02:26]} 17. Nc3 {[%emt 0:18:42]} O-O {[%emt 0:02:
28]} 18. Bg5 {[%emt 0:01:57]} h6 {[%emt 0:02:45]} 19. Bh4 {[%emt 0:01:48]} Bd6
{[%emt 0:07:07]} 20. Bxf6 {[%emt 0:13:32]} Bxe5 {[%emt 0:00:12]} 21. Bxe5 {
[%emt 0:01:57]} Re8 {[%emt 0:00:22]} 22. f4 {[%emt 0:04:53]} f6 {[%emt 0:02:00]
} 23. Qh5 {[%emt 0:01:10]} Qe7 {[%emt 0:01:51]} 24. Nd5 {[%emt 0:08:32]} Qf7 {
[%emt 0:02:38]} 25. Qxf7+ {[%emt 0:01:29]} Kxf7 {[%emt 0:12:02]} 26. Bc7 {
[%emt 0:04:19]} Re2 {[%emt 0:11:52]} 27. a4 {[%emt 0:07:04]} Rb7 {[%emt 0:06:
31]} 28. Ba5 Rxc2 {[%emt 0:13:36]} 29. axb5 {[%emt 0:00:36]} axb5 {[%emt 0:00:
19]} 30. b4 {[%emt 0:00:30]} Rd7 {[%emt 0:12:30]} 31. Ne3 {[%emt 0:00:30]} Re2
{[%emt 0:00:01]} 32. bxc5 {[%emt 0:00:32]} Rxe3 {[%emt 0:00:59]} 33. Rb1 {
[%emt 0:00:30]} Re2 {[%emt 0:03:37]} 34. h3 {[%emt 0:00:31]} Rc2 {[%emt 0:05:
27]} 35. Rxb5 {[%emt 0:00:22]} Ke6 {[%emt 0:00:25]} 36. Bb4 {[%emt 0:00:38]}
Kd5 {[%emt 0:00:59]} 37. Rb6 {[%emt 0:00:19]} Rc7 {[%emt 0:00:43]} 38. Ba3 {
[%emt 0:00:42]} Ra2 {[%emt 0:00:57]} 39. Bb4 {[%emt 0:00:14]} Rc6 {[%emt 0:03:
28]} 40. Kh2 {[%emt 0:00:32]} Rb2 {[%emt 0:01:31]} 41. Ba5 {[%emt 0:04:16]}
Rcxb6 {[%emt 0:03:51]} 42. Bxb6 {[%emt 0:00:48]} Rc2 {[%emt 0:04:13]} 43. Bd8 {
[%emt 0:07:11]} Ke6 {[%emt 0:08:18]} 44. Bb6 {[%emt 0:01:25]} Kf5 {[%emt 0:04:
06]} 45. Bc7 {[%emt 0:00:45]} Rxc5 {[%emt 0:00:22]} 46. Bd6 {[%emt 0:00:19]}
Rd5 {[%emt 0:01:14]} 47. Bf8 {[%emt 0:00:21]} Rd8 {[%emt 0:00:35]} 48. Be7 {
[%emt 0:05:05]} Rd7 {[%emt 0:00:07]} 49. Bc5 {[%emt 0:00:16]} Kxf4 {[%emt 0:00:
06]} 50. Bf2 {[%emt 0:00:23]} Rd2 {[%emt 0:02:30]} 51. Bg3+ {[%emt 0:00:12]}
Ke4 {[%emt 0:00:05]} 52. h4 {[%emt 0:00:30]} f5 {[%emt 0:00:25]} 53. Bc7 {
[%emt 0:00:08]} f4 {[%emt 0:00:37]} 54. Kg1 {[%emt 0:00:27]} Kf5 {[%emt 0:00:
52]} 55. Bb6 {[%emt 0:00:10]} Kg4 {[%emt 0:00:06]} 56. Bf2 {[%emt 0:00:06]}
Rxf2 {[%emt 0:00:11]} 0-1

[Event "Berliner Einzelmeisterschaft 2002"]
[Site "Berlin"]
[Date "2022.04.18"]
[Round "4.4"]
[White "Piz, Maxim"]
[Black "Niehaus, Frank"]
[Result "1-0"]
[WhiteElo "2143"]
[BlackElo "2074"]
[Annotator "TheRocket"]
[PlyCount "145"]
[EventDate "2022.??.??"]
[EventCountry "GER"]
[SourceTitle "SV Mattnetz Berlin e.V."]
[SourceDate "2022.04.23"]
[SourceVersion "1"]
[SourceVersionDate "2022.04.23"]
[SourceQuality "1"]

{[%evp 0,64,25,29,28,-5,33,-15,-11,-8,0,4,4,-6,17,14,25,29,29,25,65,44,52,30,
51,51,65,65,74,36,34,32,104,82,79,49,46,49,41,26,38,39,85,70,67,65,74,73,96,85,
99,87,186,134,143,126,153,161,160,157,164,159,159,168,168,180,179]} 1. Nf3 {
[%emt 0:12:34]} Nf6 {[%emt 0:00:17]} 2. c4 {[%emt 0:00:19]} g6 {[%emt 0:00:18]}
3. b3 {[%emt 0:00:08]} Bg7 {[%emt 0:00:07]} 4. Bb2 {[%emt 0:00:03]} O-O {
[%emt 0:00:07]} 5. e3 {[%emt 0:00:06]} d6 {[%emt 0:00:53]} 6. d4 {[%emt 0:00:
11]} b6 {[%emt 0:02:05]} 7. Be2 {[%emt 0:00:17]} c5 {[%emt 0:00:18]} 8. O-O {
[%emt 0:00:44]} Bb7 {[%emt 0:00:18]} 9. d5 {[%emt 0:00:13]} Bc8 {[%emt 0:00:30]
} 10. Bd3 {[%emt 0:00:45]} Bg4 {[%emt 0:01:36]} 11. h3 {[%emt 0:02:12]} Bxf3 {
[%emt 0:00:07]} 12. Qxf3 {[%emt 0:00:03]} Na6 {[%emt 0:00:07]} 13. Nc3 {
[%emt 0:00:44]} Nc7 {[%emt 0:00:06]} 14. e4 {[%emt 0:01:00]} e6 {[%emt 0:04:11]
} 15. Rae1 {[%emt 0:03:37]} e5 {[%emt 0:04:48]} 16. g4 {[%emt 0:00:55]} Nd7 {
[%emt 0:04:26]} 17. Nd1 {[%emt 0:01:52]} a6 {[%emt 0:00:59]} 18. Ne3 {[%emt 0:
00:17]} b5 {[%emt 0:01:21]} 19. Bc1 {[%emt 0:00:51]} Nb6 {[%emt 0:00:25]} 20.
Bd2 {[%emt 0:00:15]} bxc4 {[%emt 0:00:58]} 21. Nxc4 {[%emt 0:00:24]} Nxc4 {
[%emt 0:00:07]} 22. bxc4 {[%emt 0:00:15]} Qd7 {[%emt 0:07:31]} 23. Bc2 {
[%emt 0:00:59]} a5 {[%emt 0:02:14]} 24. Rb1 {[%emt 0:00:09]} a4 {[%emt 0:05:59]
} 25. Rb7 {[%emt 0:01:39]} Qc8 {[%emt 0:00:33]} 26. Rfb1 {[%emt 0:00:38]} Na6 {
[%emt 0:04:15]} 27. R7b6 {[%emt 0:00:59]} Nb4 {[%emt 0:02:51]} 28. Bxb4 {
[%emt 0:00:40]} cxb4 {[%emt 0:00:06]} 29. R1xb4 {[%emt 0:00:15]} Bh6 {[%emt 0:
01:36]} 30. Rc6 {[%emt 0:01:35]} Qd8 {[%emt 0:00:23]} 31. Rbb6 {[%emt 0:00:24]}
Qg5 {[%emt 0:00:15]} 32. Kg2 {[%emt 0:00:40]} Qc1 {[%emt 0:01:14]} 33. Qd3 {
[%emt 0:02:31]} Rad8 {[%emt 0:03:46]} 34. Rb1 {[%emt 0:01:42]} Qg5 {[%emt 0:00:
17]} 35. Rd1 {[%emt 0:02:29]} f5 {[%emt 0:02:14]} 36. exf5 {[%emt 0:00:10]}
gxf5 {[%emt 0:00:06]} 37. Qg3 {[%emt 0:00:18]} Kh8 {[%emt 0:02:24]} 38. h4 {
[%emt 0:02:22]} Qxg4 {[%emt 0:00:55]} 39. Qxg4 {[%emt 0:00:02]} fxg4 {[%emt 0:
00:07]} 40. Rc7 {[%emt 0:00:20]} Bg7 {[%emt 0:01:28]} 41. h5 {[%emt 0:00:09]}
Rf6 {[%emt 0:01:20]} 42. Bxa4 {[%emt 0:00:38]} Rdf8 {[%emt 0:00:09]} 43. Rd2 {
[%emt 0:00:13]} Rh6 {[%emt 0:00:54]} 44. c5 {[%emt 0:03:21]} e4 {[%emt 0:01:11]
} 45. Rxg7 {[%emt 0:02:15]} Kxg7 {[%emt 0:00:06]} 46. c6 {[%emt 0:00:07]} Rhf6
{[%emt 0:00:48]} 47. Bd1 {[%emt 0:01:32]} Rf4 {[%emt 0:07:33]} 48. Kg3 {
[%emt 0:00:54]} Kh6 {[%emt 0:01:12]} 49. Bxg4 {[%emt 0:03:14]} Kg5 {[%emt 0:00:
28]} 50. Be6 {[%emt 0:01:18]} Rf3+ {[%emt 0:00:40]} 51. Kg2 {[%emt 0:00:10]}
Rc3 {[%emt 0:00:06]} 52. Re2 {[%emt 0:01:33]} Kf4 {[%emt 0:00:11]} 53. Rb2 {
[%emt 0:01:38]} Ke5 {[%emt 0:03:44]} 54. a4 {[%emt 0:02:31]} Rxc6 {[%emt 0:09:
38]} 55. dxc6 {[%emt 0:00:19]} Kxe6 {[%emt 0:00:04]} 56. Rb7 {[%emt 0:00:33]}
Rc8 {[%emt 0:00:47]} 57. Rxh7 {[%emt 0:00:46]} Rxc6 {[%emt 0:00:05]} 58. h6 {
[%emt 0:10:57]} Rc8 59. Rb7 {[%emt 0:02:15]} d5 {[%emt 0:00:53]} 60. h7 {
[%emt 0:03:17]} d4 {[%emt 0:00:42]} 61. Kf1 {[%emt 0:01:15]} Rc1+ {[%emt 0:01:
19]} 62. Kg2 {[%emt 0:03:16]} Rc8 63. Rg7 {[%emt 0:00:42]} Rh8 {[%emt 0:03:37]}
64. Kf1 {[%emt 0:00:28]} Kf6 {[%emt 0:00:15]} 65. Rd7 {[%emt 0:00:12]} Ke5 {
[%emt 0:00:05]} 66. Ke2 {[%emt 0:00:39]} Rf8 {[%emt 0:01:53]} 67. a5 {[%emt 0:
02:59]} d3+ {[%emt 0:01:04]} 68. Ke1 {[%emt 0:00:02]} Rb8 {[%emt 0:00:18]} 69.
a6 {[%emt 0:01:27]} Ke6 {[%emt 0:01:47]} 70. Rb7 {[%emt 0:02:19]} Rc8 {[%emt 0:
00:18]} 71. a7 {[%emt 0:00:40]} Rc1+ {[%emt 0:01:06]} 72. Kd2 {[%emt 0:00:02]}
Rc2+ {[%emt 0:00:07]} 73. Kd1 {[%emt 0:00:51]} 1-0